Statistics for Every Ne-Yo Song on the Billboard Hot 100

Click here to take the quiz!

General Stats

  • This quiz has been taken 71 times
    (35 since last reset)
  • The average score is 10 of 30

Answer Stats

#YearSong% Correct
72008Miss Independent
86%
72008Closer
72%
12006So Sick
69%
112009Mad
62%
22007Because Of You
59%
72006Sexy Love
59%
12011Give Me Everything (Pitbull) ft. Afrojack & Nayer
52%
62012Let Me Love You (Until You Learn To Love Yourself)
48%
532010Beautiful Monster
41%
72007Hate That I Love You (Rihanna)
34%
872010One In A Million
31%
92015Time Of Our Lives (Pitbull)
31%
962008Go On Girl
28%
32009Knock You Down (Keri Hilson) ft. Kanye West
28%
192009Be On You (Flo Rida)
24%
172012Let's Go (Calvin Harris)
24%
82007Make Me Better (Fabolous)
24%
542009She Got Her Own ft. Jamie Foxx & Fabolous
24%
192015She Knows ft. Juicy J
24%
262007Do You
21%
752010Champagne Life
17%
902012Think Like A Man (Jennifer Hudson) ft. Rick Ross
17%
152006When You're Mad
17%
282009Baby By Me (50 Cent)
14%
72008Bust It Baby Part 2 (Plies)
14%
512012Leave You Alone (Jeezy)
14%
642013Play Hard (David Guetta) ft. Akon
14%
1002010Super High (Rick Ross)
14%
662020U 2 Luv (Jeremih)
14%
612006Back Like That (Ghostface Killah)
10%

Score Distribution

Percentile by Number Answered

Percent of People with Each Score

Your Score History

You have not taken this quiz since the last reset